<?xml version="1.0" encoding="UTF-8"?><?xml-stylesheet type="text/xsl" href="static/style.xsl"?><OAI-PMH xmlns="http://www.openarchives.org/OAI/2.0/" xmlns:xsi="http://www.w3.org/2001/XMLSchema-instance" xsi:schemaLocation="http://www.openarchives.org/OAI/2.0/ http://www.openarchives.org/OAI/2.0/OAI-PMH.xsd"><responseDate>2026-04-18T06:50:29Z</responseDate><request verb="GetRecord" identifier="oai:www.recercat.cat:2445/216981" metadataPrefix="marc">https://recercat.cat/oai/request</request><GetRecord><record><header><identifier>oai:recercat.cat:2445/216981</identifier><datestamp>2025-12-05T14:35:26Z</datestamp><setSpec>com_2072_1057</setSpec><setSpec>col_2072_478855</setSpec><setSpec>col_2072_478917</setSpec></header><metadata><record xmlns="http://www.loc.gov/MARC21/slim" xmlns:dcterms="http://purl.org/dc/terms/" xmlns:xsi="http://www.w3.org/2001/XMLSchema-instance" xmlns:doc="http://www.lyncode.com/xoai" xsi:schemaLocation="http://www.loc.gov/MARC21/slim http://www.loc.gov/standards/marcxml/schema/MARC21slim.xsd">
   <leader>00925njm 22002777a 4500</leader>
   <datafield ind2=" " ind1=" " tag="042">
      <subfield code="a">dc</subfield>
   </datafield>
   <datafield ind2=" " ind1=" " tag="720">
      <subfield code="a">Pérez-Madrid, Francisca</subfield>
      <subfield code="e">author</subfield>
   </datafield>
   <datafield ind2=" " ind1=" " tag="260">
      <subfield code="c">2024-12-09T17:36:20Z</subfield>
   </datafield>
   <datafield ind2=" " ind1=" " tag="260">
      <subfield code="c">2024-12-09T17:36:20Z</subfield>
   </datafield>
   <datafield ind2=" " ind1=" " tag="260">
      <subfield code="c">2024-06-01</subfield>
   </datafield>
   <datafield ind2=" " ind1=" " tag="260">
      <subfield code="c">2024-12-09T17:36:20Z</subfield>
   </datafield>
   <datafield ind2=" " ind1=" " tag="520">
      <subfield code="a">Los informes anuales sobre libertad religiosa en el mundo muestran que la persecución de mujeres por motivos religiosos es un problema de gran gravedad. Afecta a personas pertenecientes a minorías religiosas, pero también a miembros de mayorías religiosas. La respuesta internacional por parte de los organismos internacionales y de los Estados es muy escasa. La religión suele contemplarse principalmente como la causa de la desigualdad y mla discriminación, y no como un factor importante de la identidad de la persona. La religión está ausente cuando se habla de interseccionalidad y la vulnerabilidad de las personas. Se sobreentiende que existe un conflicto irresoluble entre libertad religiosa e igualdad de género. Es necesario recordar y defender, en pie de igualdad, la gravedad de las persecuciones por motivos religiosos y de género y exigir una respuesta proporcionada a los sujetos internacionales.</subfield>
   </datafield>
   <datafield tag="653" ind2=" " ind1=" ">
      <subfield code="a">Drets de les dones</subfield>
   </datafield>
   <datafield tag="653" ind2=" " ind1=" ">
      <subfield code="a">Interseccionalitat (Sociologia)</subfield>
   </datafield>
   <datafield tag="653" ind2=" " ind1=" ">
      <subfield code="a">Llibertat religiosa</subfield>
   </datafield>
   <datafield tag="653" ind2=" " ind1=" ">
      <subfield code="a">Women's rights</subfield>
   </datafield>
   <datafield tag="653" ind2=" " ind1=" ">
      <subfield code="a">Intersectionality (Sociology)</subfield>
   </datafield>
   <datafield tag="653" ind2=" " ind1=" ">
      <subfield code="a">Freedom of religion</subfield>
   </datafield>
   <datafield ind2="0" ind1="0" tag="245">
      <subfield code="a">Mujeres perseguidas por motivos religiosos. Vulnerabilidad e interseccionalidad.</subfield>
   </datafield>
</record></metadata></record></GetRecord></OAI-PMH>